Comtradição (Record no. 15662)

MARC details
000 -Etiqueta do registo
Valores 00703nam a2200229 4500
010 ## - Número ISBN
ISBN 9789896609795
021 ## - Número do Depósito Legal
Número 472103/20
100 ## - Dados gerais de processamento
Dados gerais 20211129d2021 m y0pory50030103ba
200 1# - Titulo e menção de responsabilidade
Título próprio Comtradição
Primeira menção de responsabilidade Henrique Sá Pessoa
Outras menções de responsabilidade fot. Silvia Martinez
205 ## - Menção da edição
Edição 1ª ed.
210 #9 - Publicação
Local de publicação [S.l.]
Nome do editor Casa das Letras,
Data de publicação cop. 2021
215 ## - Descrição física 
Paginação / Volumes 169, [6] p.
Outras indicações físicas il.
Dimensões 28 cm
225 2# - Colecção 
Título próprio da colecção 24Kitchen)
532 12 - Título desenvolvido
Título desenvolvido Com tradi—cão
675 ## - CDU
Notação 641.55(083.1)
Edição BN
Língua por
700 #1 - Autor principal (pessoa individual)
Apelido Pessoa,
Nome Henrique Sá,
Datas 1976-
702 #1 - Autor secundário (pessoa individual)
Apelido Martinez,
Nome Silvia
801 #0 - Fonte de origem
País PT
Agência BN
Regras de catalogação RPC
856 41 - Localização e acesso electrónico 
URL <a href="http://rnod.bnportugal.gov.pt/ImagesBN/winlibimg.aspx?skey=&doc=2086377&img=158519&save=true">http://rnod.bnportugal.gov.pt/ImagesBN/winlibimg.aspx?skey=&doc=2086377&img=158519&save=true</a>
990 ## - Elementos KOHA
Tipo de documento Livro
Holdings
Situação do levantamento Estado Biblioteca de origem Código de barras Cota Permissão de empréstimo Tipo de documento Forma de aquisição
    Biblioteca Municipal do Alandroal 16205/21 641.55(083.1) PES   Livro Compra

Powered by Koha